Charlas de café (Registro nro. 87185)

Detalles MARC
000 -ENCABEZADO
Número de control [NR] 00828nam a22002297a 4500
008 - DE LONGITUD FIJA DE DATOS DE ELEMENTOS - INFORMACIÓN GENERAL
Elementos de longitud fija [NR] 130821s1922 sp gr spa
040 ## - FUENTE DE CATALOGACION [NR]
Agencia de catalogación original [NR] Co-BoUCM
Idioma de catalogación [NR] spa
041 00 - CODIGO DE IDIOMA [R]
Código de idioma para texto/pista de sonido o título separado [R] Español
100 ## - ASIENTO PRINCIPAL--NOMBRE PERSONAL [NR]
Nombre personal [NR] Ramon y Cajal, Santiago
Fechas asociadas con el nombre [NR] 1852-1934
ID Autoridad 150341
245 00 - MENCION DE TITULO [NR]
Título [NR] Charlas de café
Mención de responsabilidad, etc. [NR] Santiago Ramón y Cajal
250 ## - MENCION DE EDICION [NR]
Mención de edición [NR] 3a. ed corregida y aumentada
260 ## - PUBLICACION, DISTRIBUCION, ETC. (PIE DE IMPRENTA) [R]
Lugar de publicación, distribución, etc. [R] Madrid (España)
Nombre del editor, distribuidor, etc. [R] Imp. de Juan Pueyo
Fecha de publicación, distribución, etc. [R] 1922
300 ## - DESCRIPCION FISICA [R]
Extensión [R] 381 páginas
650 04 - ASIENTO SECUNDARIO DE MATERIA - TERMINO TEMATICO [R]
Término temático o nombre geográfico como elemento de entrada [NR] Anécdotas, chistes, sátiras, etc.
9 (RLIN) 7272
650 04 - ASIENTO SECUNDARIO DE MATERIA - TERMINO TEMATICO [R]
Término temático o nombre geográfico como elemento de entrada [NR] Anécdotas, chistes, sátiras, etc.
Subdivisión geográfica [R] España
9 (RLIN) 150342
650 04 - ASIENTO SECUNDARIO DE MATERIA - TERMINO TEMATICO [R]
Término temático o nombre geográfico como elemento de entrada [NR] Charlas de sobremesa
9 (RLIN) 7399
650 04 - ASIENTO SECUNDARIO DE MATERIA - TERMINO TEMATICO [R]
Término temático o nombre geográfico como elemento de entrada [NR] Charlas de sobremesa
Subdivisión geográfica [R] España
9 (RLIN) 7399
650 04 - ASIENTO SECUNDARIO DE MATERIA - TERMINO TEMATICO [R]
Término temático o nombre geográfico como elemento de entrada [NR] Usos y costumbres
9 (RLIN) 26026
650 04 - ASIENTO SECUNDARIO DE MATERIA - TERMINO TEMATICO [R]
Término temático o nombre geográfico como elemento de entrada [NR] Usos y costumbres
Subdivisión de forma [R] Máximas
9 (RLIN) 26026
651 ## - ASIENTO SECUNDARIO DE MATERIA - NOMBRE GEOGRAFICO [R]
Nombre geográfico [NR] España
9 (RLIN) 26943
942 ## - ELEMENTOS DE ENTRADA AGREGADOS (KOHA)
Tipo de ítem principal el descrito en 300a Libro
Tema principal Literatura
Edición 3
Parte restante de la signatura top. R15
Título oculto en OPAC No
Sistema de clasificación DEWEY
Clasificación 808.8023
Existencias
Signatura topográfica Código de barras Última vez visto Volúmen / Fascículo Ejemplar Price effective from Tipo de ítem Perdido Sistema de clasificación Dañado No prestable Tipo de ítem específico Suprimido Ubicación habitual Ubicación actual Localización Fecha de creación Forma de adquisición Costo
FCS 808.8023 R15 120000370 06/07/2012 3A. ED Ej.1 03/02/2013 Libro   DEWEY     Fondos especiales     Archivo Histórico Archivo histórico 28/02/2003 Donación 1000.00